| 000 | 00000nam##2200000za#4500 |
| 001 | 9.581114 |
| 003 | CaOODSP |
| 005 | 20210624191350 |
| 007 | cr ||||||||||| |
| 008 | 150406|2009||||xxc|||||o f|0| 0 eng|d |
| 022 | |a1701-1280 |
| 040 | |aCaOODSP|beng |
| 043 | |an-cn--- |
| 086 | 1 |aFs70-4/2009-051E-PDF |
| 110 | 1 |aCanada. |bDepartment of Fisheries and Oceans. |
| 245 | 10|aProceedings of the meeting of the Newfoundland and Labrador Regional Advisory Process on 3Ps cod : |h[electronic resource]|bSeptember 29 – October 2, 2009, St. John's, NL / |cMeeting Chairperson: Karen Dwyer. |
| 260 | |aSt. John's - Newfoundland and Labrador : |bFisheries and Oceans Canada |cFebruary 2010. |
| 300 | |a27p. |
| 490 | 1 |aCanadian Science Advisory Secretariat proceedings series|x1701-1280|v2009/051 |
| 590 | |a14-20-Supp|b2014-11-25 |
| 830 | #0|aProceedings series (Canadian Science Advisory Secretariat)|x1701-1280|v2009/051|w(CaOODSP)9.506483 |
| 856 | 40|ahttp://publications.gc.ca|qPDF|s156 KB|uhttps://publications.gc.ca/collections/collection_2014/mpo-dfo/Fs70-4-2009-051-eng.pdf|y2009/051 |